000 00307nam a2200133Ia 4500
100 _aBain/ E.C./ Paxton/ H.W.
942 _cBK
654 _aAlloying
245 _aAlloying elements in steel
260 _bAmerican Society for metals
_aOhio
_c1966
082 _a620.17
300 _a291
546 _aENGLISH
999 _c22608
_d22608